Normal view MARC view

Entry Personal Name

Number of records used in: 4

001 - CONTROL NUMBER

  • control field: 363

003 - CONTROL NUMBER IDENTIFIER

  • control field: NUST

005 - DATE AND TIME OF LATEST TRANSACTION

  • control field: 20170510172134.0

008 - FIXED-LENGTH DATA ELEMENTS

  • fixed length control field: 170510|| aca||aabn | a|a d

040 ## - CATALOGING SOURCE

  • Original cataloging agency: NUST
  • Transcribing agency: NUST

100 ## - HEADING--PERSONAL NAME

  • Personal name:
  • General subdivision: Foreign relations.
  • Geographic subdivision: Pakistan

670 ## - SOURCE DATA FOUND

  • Source citation: Work cat.: (NUST)23608: Sahabzada Yaqub Khan 362, trategy, diplomacy, humanity, c2005
© 2023 Central Library, National University of Sciences and Technology. All Rights Reserved.